000 01565cam a2200505Ia 4500
999 _c579
_d579
001 805986862
003 OCoLC
005 20190828162609.0
008 120813s2012 nyua c 000 1 eng d
020 _a9780241342749
020 _a9780241342800
_qBox set
035 _a(OCoLC)805986862
040 _aUPZ
_beng
_cUPZ
_dIEB
_dIEP
_dJST
_dTnLvILS
082 _aFIC KIN
091 _aFIC
100 1 _aKinney, Jeff.
_eauthor
245 1 0 _aDiary of a wimpy kid :
_bthe third wheel /
_cby Jeff Kinney.
246 3 0 _aThird wheel.
260 _aLondon :
_bPuffin,
_c2012.
300 _a217 p. :
_bill. ;
_c22 cm.
490 1 _aDiary of a wimpy kid ;
_v7.
520 _aA Valentine's Day dance at Greg's middle school has turned his world upside down until an unexpected twist gives Greg a partner for the dance and leaves his best friend Rowley the odd man out.
650 0 _aMiddle schools
_vFiction.
650 0 _aSchools
_vFiction.
650 0 _aValentine's Day
_vFiction.
650 0 _aDance parties
_vFiction.
650 0 _aBest friends
_vFiction.
650 0 _aFamilies
_vFiction.
655 7 _aHumorous fiction.
_2lcgft.
655 0 _aDiary fiction.
800 1 _aKinney, Jeff.
_tDiary of a wimpy kid ;
_v7.
901 _aINGRAMD131008-6
901 _aINGRAMD130926-16
901 _aBTCLS
908 4 _aPZ7.K6232
942 _2ddc
_cFIC
945 _a.o17310490
945 _a.o1719555x
945 _a.o16807182
945 _a.o16665867
945 _a.o16558947
945 _a.o16436556
945 _a.o15936971
945 _a.o15932308